National Archaelogical museum athens / (Record no. 135330)

MARC details
000 -LEADER
fixed length control field 00600nam a22002177a 4500
005 - DATE AND TIME OF LATEST TRANSACTION
control field 20170124110243.0
010 ## - LIBRARY OF CONGRESS CONTROL NUMBER
LC control number A-248479
020 ## - INTERNATIONAL STANDARD BOOK NUMBER
Terms of availability 00.00
035 ## - SYSTEM CONTROL NUMBER
System control number A-248479
037 ## - SOURCE OF ACQUISITION
Source of stock number/acquisition Cen Lib/Ret
040 ## - CATALOGING SOURCE
Original cataloging agency DPL
Language of cataloging EN
082 ## - DEWEY DECIMAL CLASSIFICATION NUMBER
Classification number 708
Item number NAT
245 ## - TITLE STATEMENT
Title National Archaelogical museum athens /
260 ## - PUBLICATION, DISTRIBUTION, ETC. (IMPRINT)
Place of publication, distribution, etc New York
Name of publisher, distributor, etc Newsweek
Date of publication, distribution, etc 1979
270 ## - ADDRESS
City New York
300 ## - PHYSICAL DESCRIPTION
Extent 171p. :
Dimensions 26cm(Hb)
Other physical details ill.
500 ## - GENERAL NOTE
General note includes bibliographical references index
650 ## - SUBJECT ADDED ENTRY--TOPICAL TERM
Topical term or geographic name as entry element National museum
9 (RLIN) 96265
650 ## - SUBJECT ADDED ENTRY--TOPICAL TERM
Topical term or geographic name as entry element National museum -- Athens
9 (RLIN) 96266
942 ## - ADDED ENTRY ELEMENTS (KOHA)
Source of classification or shelving scheme Dewey Decimal Classification
Koha item type English Books
Classification part 708
Call number suffix NAT
Holdings
Withdrawn status Lost status Damaged status Not for loan Collection code Home library Current library Date acquired Source of acquisition Cost, normal purchase price Total Checkouts Full call number Barcode Date last seen Copy number Cost, replacement price Price effective from Koha item type
      Not For Loan Reference Central Library Central Library 05/10/2015 Cen Lib/Ref 0.00   708 NAT A-248479 05/10/2015 1 0.00 05/10/2015 English Books

© Delhi Public Library
Hit Counter
free hit counter